000 00875cam a2200301 4500
001 ABS65919
008 020930n2002 000 0 eng u
035 _a(Sirsi) u119938
245 _aFocus 2002: North East
260 _c2002
490 _aEstates Gazette
_v(0236) 7 September 2002, 83-108(11)
590 _aABS
650 _aNORTH EAST
650 _aPROPERTY-COMMERCIAL PROPERTY-OFFICE PROPERTY-OFFICE PROPERTY MARKET
650 _aPROPERTY-COMMERCIAL PROPERTY-RETAIL PROPERTY-RETAIL PROPERTY MARKET
650 _aLEISURE MARKET
650 _aINDUSTRIAL MARKET
650 _aNEWCASTLE
650 _aGATESHEAD
650 _aREGENERATION
650 _aSUNDERLAND
650 _aMIDDLESBROUGH
650 _aDURHAM
650 _aHARTLEPOOL
650 _aDARLINGTON
690 _aPROPERTY-COMMERCIAL PROPERTY-COMMERCIAL PROPERTY MARKET
942 _n0
999 _c71259
_d71259